El diseño como negocio : (Registro nro. 12125)

Detalles MARC
000 -LEADER
longitud fija campo de control 01261nam a22003737a 4500
003 - IDENTIFICADOR DE NUMERO DE CONTROL
control del campo AR-RoUNA
005 - FECHA DE LA ULTIMA MODIFICACION
control del campo 20250918181815.0
008 - CAMPO DE CONTROL - LIBROS
longitud fija campo de control 250918b |||||||| |||| 00| 0 spa d
020 ## - INTERNATIONAL STANDARD BOOK NUMBER
ISBN 9871262051
040 ## - ORIGEN DE LA CATALOGACION
Agencia que cataloga la obra original AR-RoUNA
Idioma en que se cataloga spa
Entidad que modifico el registro AR-RoUNA
041 ## - CODIGO DE IDIOMA
Codigo de idioma del texto / sonido o titulo separado spa
Codigo de idioma de la traduccion original y / o intermedios de texto spa
044 ## - CODIGO DE PAIS / ENTIDAD PRODUCTORA
Codigo MARC del pais ag
100 1# - ASIENTO PRINCIPAL - NOMBRE PERSONAL
Nombre personal Piazza, Jorge
9 (RLIN) 5753
245 13 - TITULO PROPIAMENTE DICHO
Titulo El diseño como negocio :
Subtitulo un analisis conciso de la problematica de emprender la profesion del diseño, vista como un negocio /
Mencion de responsabilidad, etc Jorge Piazza
260 ## - EDITORIAL - PUBLICACION, DISTRIBUCION, ETC. (Pie de imprenta)
Lugar de publicacion, distribucion, etc Buenos Aires :
Nombre del editor, distribuidor, etc CommTools,
Fecha de publicacion 2006
300 ## - DESCRIPCION FISICA
Extension 62 p.
Dimensiones 22x13 cm
490 ## - MENCION DE SERIE
Titulo de la serie Biblioteca CommTools. Diseño y produccion
505 0# - NOTA DE CONTENIDO CON FORMATO
Título INDICE
505 0# - NOTA DE CONTENIDO CON FORMATO
Título Panorama actual del diseño /p.9
505 0# - NOTA DE CONTENIDO CON FORMATO
Título El diseño como hecho comercial /p.19
505 0# - NOTA DE CONTENIDO CON FORMATO
Título La empresa de diseño /p.25
505 0# - NOTA DE CONTENIDO CON FORMATO
Título La especializacion como solucion /p.29
505 0# - NOTA DE CONTENIDO CON FORMATO
Título El estudio especializado /p.37
505 0# - NOTA DE CONTENIDO CON FORMATO
Título De la teoria a la practica /p.45
505 0# - NOTA DE CONTENIDO CON FORMATO
Título Una herramienta para la estrategia /p.55
505 0# - NOTA DE CONTENIDO CON FORMATO
Título El diseño como negocio /p.59
650 #4 - MATERIA - TERMINO TEMATICO
Término temático general Diseño grafico
650 #4 - MATERIA - TERMINO TEMATICO
Término temático general Diseño
General subdivision Empresas
908 ## - SOPORTE
Soporte Imp
930 ## - ACCESION
Numero de accesion (NR) 12244
942 ## - FUENTE DE CLASIFICACION
Clasificacion Dewey Decimal Classification
Tipo de item Libro
945 ## - INFORMACION DE PROCESAMIENTO
Codigo del operador MIA
Fecha de ingreso o modificacion 2025-09-18
980 ## - DECLARACIÓN DE EQUIVALENCIA O SERIE DE REFERENCIA CRUZADA - NOMBRE / TÍTULO PERSONAL [LOCAL, CANADÁ]
Código del operador 1
Nombre del operador Maricel Allasia
Código del operador que modifico el registro 1
Nombre del operador que modifico el registro Maricel Allasia
Existencias
Estado retiro Estado perdido Sistema de clasificacion Estado general Restricciones de uso Biblioteca de origen Ubicacion actual Localizacion en estante Fecha de adquisicion Fuente de adquisicion Prestamos totales Signatura y librística Proveedor Numero de ejemplar Tipo de elemento KOHA Nota no publica
Disponible Disponible cdu No dañado Ningun uso de restricciones Arq. Hilarión H. Larguia Arq. Hilarión H. Larguia Diseño Gráfico - Sala 18/09/2025 Don   655.15 P584 18378 ej. 1 Libro